[Event "JUG-chT Cup"]
[Site "Becici"]
[Date "1994.??.??"]
[Round "?"]
[White "Kulak, Dejan"]
[Black "Kovacevic, Dragan"]
[Result "1-0"]
[WhiteElo "2305"]
[BlackElo "2365"]

1.e4 d6 2.d4 Nf6 3.Nc3 c6 4.f3 Nbd7 5.Be3 e5 6.Qd2 Be7 7.Nge2 O-O 8.Ng3 g6
9.a4 Qc7 10.Be2 b6 11.O-O Bb7 12.Bc4 a6 13.Bh6 exd4 14.Nce2 Rfc8 15.Nxd4 Ne5
16.Ba2 d5 17.exd5 cxd5 18.Rad1 b5 19.axb5 axb5 20.Bb3 b4 21.Rfe1 Nc4 22.Qc1 Kh8
23.Bf4 Bd6 24.Bxd6 Qxd6 25.Kh1 Ng8 26.Bxc4 Rxc4 27.Qg5 Qf6 28.Qe3 Ra6 29.Qd2 Rb6
30.Qe3 Rc7 31.Kg1 Kg7 32.Ndf5+ Kh8 33.Nd4 Bc8 34.Qe8 Bd7 35.Qe5 Qxe5 36.Rxe5 Nf6
37.Kf2 Kg7 38.h4 h5 39.Rd2 Kf8 40.Nge2 Bc8 41.Nf4 Bb7 42.Re6 fxe6 43.Ndxe6+ Ke7
44.Nxc7 Kd6 45.Nce6 Nd7 46.Nd4 Ne5 47.Rd1 Bc8 48.Ra1 Ra6 49.Rxa6+ Bxa6 50.b3 Kc5
51.Nde6+ Kd6 52.Ke3 Bc8 53.Nd4 Ba6 54.Kd2 Bf1 55.Ke3 Ba6 56.Nd3 Bxd3 57.cxd3 Ke7
58.Ne2 Nc6 59.Nf4 Kd6 60.Nxg6 Na5 61.Nf4 Nxb3 62.d4 Na5 63.Kd3 Nc6 64.Nxh5 b3
65.Kc3 Nxd4 66.Nf4 Nf5 67.h5 Ke5 68.Ng6+ Kf6 69.g4 Nd6 70.f4 Nc4 71.Kxb3 Ne3
72.g5+ Kf5 73.Ne5 d4 74.h6 d3 75.Nxd3 Kg6 76.Kc3  1-0

[Event "JUG-chT Cup"]
[Site "Becici"]
[Date "1994.??.??"]
[Round "?"]
[White "Filipovic, Branko"]
[Black "Spasov, Vasil"]
[Result "1/2-1/2"]
[WhiteElo "2405"]
[BlackElo "2540"]

1.e4 d6 2.d4 Nf6 3.Nc3 Nbd7 4.Nf3 e5 5.Bc4 Be7 6.O-O O-O 7.Re1 c6 8.a4 h6
9.Ba2 Nh7 10.Ne2 Ng5 11.Nxg5 hxg5 12.c3 Bf6 13.Be3 Re8 14.Ng3 g6 15.d5 Qe7
16.a5 cxd5 17.exd5 Bg7 18.Ne4 g4 19.c4 f5 20.Nc3 Nf6 21.c5 Bd7 22.b4 Kh7
23.a6 bxa6 24.c6 Bc8 25.Bc4 Rb8  1/2-1/2

[Event "Belgrade Trako"]
[Site "Belgrade"]
[Date "1994.??.??"]
[Round "12"]
[White "Milu, Romeo Sorin"]
[Black "Certic, Branimir"]
[Result "1-0"]
[WhiteElo "2430"]
[BlackElo "2410"]

1.e4 d6 2.d4 Nf6 3.Nc3 c6 4.f4 Qa5 5.Bd3 e5 6.Nf3 Nbd7 7.O-O Be7 8.Kh1 O-O
9.Bd2 Qc7 10.a4 exd4 11.Nxd4 Nc5 12.Qf3 Nxd3 13.cxd3 Re8 14.Nd1 Qb6 15.Bc3 c5
16.Nc2 Bg4 17.Qg3 Bxd1 18.Raxd1 d5 19.exd5 Bf8 20.Ne3 Rad8 21.Qf3 Rd7 22.d4 Qd8
23.dxc5 Bxc5 24.Ng4 Nxg4 25.Qxg4 f6 26.Qf5 Kh8 27.Rf3 Re3 28.Rxe3 Bxe3 29.Rd3 Qe8
30.d6 h6 31.g3 Bb6 32.Rd1 Qe2 33.Qd3 Qh5 34.Qd5 Qg4 35.Bb4 a5 36.Ba3 Qe2
37.Qd3 Qe6 38.Qf3 Qc4 39.b3 Qe6 40.Kg2 Qe8 41.Rd2 Qf7 42.Re2 Bd8 43.f5 Kh7
44.Re6 g6 45.Qd5 Kg7 46.Kf3 g5 47.Kg4 Kh7 48.Qc4 Kg7 49.h3 Kf8 50.Re4 h5+
51.Kf3 Qxc4 52.bxc4 b6 53.Re6 Kf7 54.Ke4 Rb7 55.Kd5 Rd7 56.Kc6 Ra7 57.c5  1-0

[Event "Berliner Sommer"]
[Site "Berlin"]
[Date "1994.??.??"]
[Round "?"]
[White "Timoshchenko, Gennadi A"]
[Black "Komliakov, Viktor"]
[Result "1/2-1/2"]
[WhiteElo "2515"]
[BlackElo "2455"]

1.d4 d6 2.e4 Nf6 3.Nc3 c6 4.f4 g6 5.Nf3 Bg7 6.Bd3 O-O 7.O-O Bg4 8.Be3 Qb6
9.Qd2 Bxf3 10.gxf3 e6 11.Kh1 Nh5 12.Ne2 Qd8 13.Rg1 d5 14.Rg2 Nd7 15.Ng3 Nxg3+
16.hxg3 c5 17.dxc5 Qc7 18.exd5 exd5 19.Bf1 Nxc5 20.Qxd5 Na4 21.c3 Rfe8 22.Bg1 a6
23.Rd1 Rad8 24.Qb3 Qc6 25.Rxd8 Rxd8 26.Qc4 Qd7 27.Re2 b5 28.Qb3 h5 29.Kg2 Bf6
30.Bf2 Qc6 31.Qc2 Qd5 32.a3 Nc5 33.Be3 Nd3 34.Bb6 Qf5 35.Qd2 Rd5 36.Bd4 Nc5
37.Re8+ Kg7 38.Bxf6+ Kxf6 39.Qe1 Ne6 40.c4 Qc2+ 41.Kg1 bxc4 42.Qe4 Qd1 43.Kf2 Qd2+
44.Be2 Rc5 45.Qb7 h4 46.gxh4 Qxf4 47.Qe4 Qh2+ 48.Kf1 a5 49.Rxe6+ fxe6 50.Qd4+ Qe5
51.Qd8+ Kg7 52.Qe7+ Kh6 53.Qf8+  1/2-1/2

[Event "Berliner Sommer"]
[Site "Berlin"]
[Date "1994.??.??"]
[Round "?"]
[White "Rabinovich, Arkady"]
[Black "Deev, Andrei"]
[Result "0-1"]
[WhiteElo "2325"]
[BlackElo "2425"]

1.d4 d6 2.e4 Nf6 3.Nc3 c6 4.f3 Nbd7 5.Be3 e5 6.Nge2 Be7 7.Qd2 O-O 8.O-O-O b5
9.Ng3 b4 10.Nb1 d5 11.Be2 exd4 12.Bxd4 Nb6 13.e5 Ne8 14.f4 c5 15.Bf2 f6 16.Bf3 fxe5
17.fxe5 Nc7 18.Qe1 Bg5+ 19.Nd2 Qe7 20.Kb1 c4 21.Ndf1 Be6 22.Ne2 Nb5 23.Nd4 Nxd4
24.Bxd4 b3 25.Ng3 bxc2+ 26.Kxc2 Rab8 27.Bc3 Qe8 28.Kb1 Na4 29.Ka1 Qb5 30.Ne2 Be3
31.Nd4 Bxd4 32.Bxd4 Rfd8 33.h3 Nc5 34.Bg4 Bxg4 35.hxg4 Nb3+ 36.axb3 cxb3
37.Kb1 Qa4 38.Qe3 Rbc8 39.Bc3 Qa2+ 40.Kc1 d4 41.Qe4 Rxc3+  0-1

[Event "Berliner Sommer"]
[Site "Berlin"]
[Date "1994.??.??"]
[Round "?"]
[White "Kahn, Manfred"]
[Black "Belikov, Vladimir"]
[Result "0-1"]
[WhiteElo "2265"]
[BlackElo "2450"]

1.d4 d6 2.e4 Nf6 3.Nc3 Nbd7 4.g3 e5 5.Nge2 c6 6.Bg2 b5 7.a3 Bb7 8.O-O Be7
9.h3 O-O 10.Be3 a5 11.Qd2 b4 12.axb4 axb4 13.Na4 exd4 14.Bxd4 Qc7 15.Bxf6 Nxf6
16.Qxb4 c5 17.Qb6 Qc8 18.Nac3 Rb8 19.Qa5 Re8 20.Nf4 Ra8 21.Qb6 Rb8 22.Qa5 Bc6
23.Qa6 Rxb2 24.Qd3 Bf8 25.Nfd5 Nxd5 26.Nxd5 Bxd5 27.exd5 g6 28.Rfb1 c4 29.Qa3 c3
30.Rxb2 cxb2 31.Qxb2 Bg7 32.Qb1 Qc3  0-1

[Event "Biel"]
[Site "Biel"]
[Date "1994.??.??"]
[Round "5"]
[White "Gallagher, Joseph G"]
[Black "Hoffman, Alejandro"]
[Result "1-0"]
[WhiteElo "2470"]
[BlackElo "2500"]

1.e4 d6 2.d4 Nf6 3.Nc3 e5 4.f4 Bg4 5.Be2 exd4 6.Qxd4 Bxe2 7.Ngxe2 Be7 8.Be3 O-O
9.O-O Re8 10.Kh1 Bf8 11.Rae1 Nc6 12.Qd3 Nb4 13.Qd2 a5 14.a3 Na6 15.Ng3 c6
16.Qd1 b5 17.Qf3 d5 18.e5 Nd7 19.Nce2 Qc7 20.Nd4 Rab8 21.Qg4 c5 22.Nf3 Qc6
23.Nh5 Rb7 24.f5 Nxe5 25.Nxe5 Rxe5 26.Nxg7 Re4 27.Qg3 Bd6 28.Qh3 Be5 29.f6 Bxf6
30.Nh5 Bxb2 31.Bg5 Qe6 32.Qg3 Kf8 33.Rxe4 dxe4 34.Bf6 Bxf6 35.Rxf6 Qe8 36.Qg7+ Ke7
37.Rxa6 e3 38.Qf6+ Kf8 39.Qh8+ Ke7 40.Qe5+ Kf8 41.Qxc5+ Re7 42.Nf4 Qd7 43.Ra8+  1-0

[Event "Biel op"]
[Site "Biel"]
[Date "1994.??.??"]
[Round "5"]
[White "Tejero, Jorge"]
[Black "Hauke, Christian"]
[Result "0-1"]
[WhiteElo "2290"]
[BlackElo "2275"]

1.e4 d6 2.d4 Nf6 3.Nc3 Nbd7 4.Nf3 e5 5.Bc4 Be7 6.O-O O-O 7.Qe2 c6 8.a4 exd4
9.Nxd4 Re8 10.Ba2 Bf8 11.Qf3 Ne5 12.Qg3 Ng6 13.Bg5 d5 14.exd5 Bd6 15.Bxf6 Qxf6
16.Qd3 Nf4 17.Qd1 Nh3+ 18.gxh3 Qf4 19.Nf3 Bxh3  0-1

[Event "Biel op"]
[Site "Biel"]
[Date "1994.??.??"]
[Round "6"]
[White "Liss, Eran"]
[Black "Nevednichy, Vladislav"]
[Result "0-1"]
[WhiteElo "2480"]
[BlackElo "2470"]

1.e4 d6 2.d4 Nf6 3.Nc3 e5 4.dxe5 dxe5 5.Qxd8+ Kxd8 6.Bg5 Be6 7.O-O-O+ Nd7
8.f4 exf4 9.Nf3 h6 10.Bxf4 c6 11.h3 Bb4 12.Bd3 Ke7 13.Nd4 Bxc3 14.bxc3 Nc5
15.Rhe1 Rhd8 16.g4 Rd7 17.Nf5+ Bxf5 18.gxf5 Rad8 19.e5 Nd5 20.f6+ Kf8 21.fxg7+ Kg8
22.Bxh6 Nxc3 23.e6 Nxe6 24.Rd2 Nxa2+ 25.Kb1 Nb4 26.Rxe6 fxe6 27.Bc4 Nd5 28.Kb2 Kh7
29.Rg2 Rg8 30.Bg5 Rgxg7 31.h4 Ne3 32.Bxe3 Rxg2 33.Bxe6 Re7 34.Bf5+ Kg8 35.Bxa7 Rh2
36.Bc8 Rxh4 37.Bc5 Re8 38.Bd7 Re2 39.Kb3 Rh5 40.Ba3 Rb5+ 41.Bb4 Rxb4+ 42.Kxb4  0-1

[Event "DLM"]
[Site "Binz"]
[Date "1994.??.??"]
[Round "3"]
[White "Rudolf, Henrik"]
[Black "Jonitz, Jens"]
[Result "1-0"]
[WhiteElo "2245"]
[BlackElo "2265"]

1.e4 d6 2.d4 Nf6 3.Nc3 Nbd7 4.Nf3 e5 5.Bc4 Be7 6.O-O c6 7.Re1 O-O 8.a4 h6
9.h3 Re8 10.a5 Qc7 11.dxe5 dxe5 12.Qe2 Nf8 13.Ra4 Be6 14.Nh4 Bxc4 15.Qxc4 Ne6
16.Nf5 Bf8 17.b4 b5 18.axb6 axb6 19.b5 Bc5 20.Be3 Red8 21.Bxc5 Nxc5 22.Rxa8 Rxa8
23.bxc6 g6 24.Nb5 Qd8 25.Nfd6 Ra7 26.Nxf7 Rxf7 27.c7 Qd7 28.c8=Q+ Qxc8 29.Qxf7+ Kxf7
30.Nd6+  1-0

[Event "Bled op"]
[Site "Bled"]
[Date "1994.??.??"]
[Round "?"]
[White "Mestrovic, Zvonimir"]
[Black "Loncar, Robert"]
[Result "1/2-1/2"]
[WhiteElo "2420"]
[BlackElo "2430"]

1.Nc3 d6 2.d4 Nf6 3.e4 c6 4.a4 Qa5 5.Bd3 e5 6.Ne2 Be7 7.O-O Nbd7 8.Bd2 Qc7
9.f4 O-O 10.Kh1 exd4 11.Nxd4 Nc5 12.Qf3 Nxd3 13.cxd3 Qb6 14.Nde2 Bg4 15.Qe3 Qxe3
16.Bxe3 Bxe2 17.Nxe2 d5 18.Ng3 dxe4 19.dxe4 Rfd8 20.Rad1 Ng4 21.Bg1 Bh4 22.Nf5 Bf2
23.h3 Bxg1 24.Kxg1 Nf6 25.Nd6 Rd7 26.e5 Nd5 27.Rd3 f6 28.Nc4 fxe5 29.Nxe5 Re7
30.g3 Rf8 31.h4 g6 32.a5 Nb4 33.Rd4 c5 34.Rd6 Kg7 35.Rfd1 Rc8 36.h5 gxh5
37.R1d2 Rf8 38.Rd7 Re8 39.Kg2 Nc6 40.Nxc6 bxc6 41.a6 Kf8 42.Rb7 c4 43.Rd6 Re1
44.Rd2 R8e7 45.Kf2 Rb1 46.Re2 Rf7 47.Re1 Rxb7 48.Rxb1 Rb3 49.Rc1 Rxb2+ 50.Ke3 Rb3+
51.Kd4 Rxg3 52.Rxc4 h4 53.Rxc6 h3 54.Rc1 h2 55.Rh1 Rg2 56.Ke3 Kg7 57.Kf3 Ra2
58.Kg3 Ra3+ 59.Kg4 Ra2 60.Kg3 Rxa6 61.Rxh2 Rg6+ 62.Kf3 a5 63.Ra2 Ra6 64.Ra4 Kf6
65.Kg4 h6 66.Kh4 Ke6 67.Kg4 Kd5 68.Kf5 Kc5 69.Ke5 Kb5 70.Ra1 a4 71.f5 a3
72.f6 Kb4 73.f7 Ra8 74.Kf6 Kb3 75.Kg6 Ra6+ 76.Kg7 Ra7 77.Kg6 Rxf7 78.Kxf7 h5
79.Kg6 h4 80.Kg5 h3 81.Kg4 h2 82.Kg3  1/2-1/2

[Event "Bojnice"]
[Site "Bojnice"]
[Date "1994.??.??"]
[Round "5"]
[White "Dobrovolsky, Ladislav"]
[Black "Straeter, Timo"]
[Result "1/2-1/2"]
[WhiteElo "2400"]
[BlackElo "2365"]

1.e4 d6 2.d4 Nf6 3.Nc3 c6 4.Nf3 Qa5 5.Bd3 e5 6.h3 Nbd7 7.O-O Be7 8.Ne2 d5
9.Ng3 dxe4 10.Nxe4 Nxe4 11.Bxe4 O-O 12.dxe5 Nxe5 13.Nxe5 Qxe5 14.Re1 Qf6
15.Bd2 Rd8 16.Qe2 Bc5 17.Bc3 Qg5 18.Qf3 Be6  1/2-1/2

[Event "Slovan op"]
[Site "Bratislava"]
[Date "1994.??.??"]
[Round "?"]
[White "Travenec, Igor"]
[Black "Petrik, Karol"]
[Result "1/2-1/2"]
[WhiteElo "2225"]
[BlackElo "2260"]

1.e4 d6 2.d4 Nf6 3.Nc3 e5 4.dxe5 dxe5 5.Qxd8+ Kxd8 6.Bc4 Be6 7.Bxe6 fxe6
8.f3 Bc5 9.Nge2 a6 10.Bg5 Nc6 11.O-O-O+ Ke7 12.Na4 Ba7 13.b3 h6 14.Bh4 Rad8
15.c3 g5 16.Bg3 Nh5 17.Rxd8 Rxd8 18.Rd1 Rg8 19.Nb2 g4 20.Nd3 Be3+ 21.Kc2 gxf3
22.gxf3 Kf6 23.Rf1 Nxg3 24.hxg3 h5 25.f4 exf4 26.Ndxf4 Ke5 27.Kd3 Ba7 28.Nxh5 Rd8+
29.Kc2 Kxe4 30.Nef4 Ke3 31.Re1+ Kf3 32.Rxe6 Be3 33.Nd3 Rh8 34.Ne1+ Kf2 35.g4 Rd8
36.Nd3+ Kf3 37.Nf6 Rd6 38.Ne1+ Ke2 39.Rxd6 cxd6 40.Nd3 Bg5 41.Ne4 Be7 42.g5 Ke3
43.Nf6 Bd8 44.Nh7 Ne7 45.Nf8 Ke4 46.g6 Kf5 47.g7 Ng8 48.c4 Bf6 49.c5 Bxg7
50.Nd7 Ke6 51.Nb6 Bd4 52.Nc8 dxc5 53.Nb6 Kd6 54.a4  1/2-1/2

[Event "Bucharest-B (Women)"]
[Site "Bucharest"]
[Date "1994.??.??"]
[Round "?"]
[White "Ivanova, Svetlana"]
[Black "Grigorieva, Angela"]
[Result "0-1"]
[WhiteElo "2080"]
[BlackElo "2170"]

1.e4 d6 2.d4 Nf6 3.Nc3 e5 4.Nf3 Nbd7 5.Bc4 Be7 6.O-O O-O 7.a4 c6 8.h3 a5
9.Be3 h6 10.Ba2 Re8 11.Nd2 Bf8 12.Kh1 exd4 13.Bxd4 Nc5 14.Qf3 Be6 15.Bxe6 Rxe6
16.Rfe1 Qe8 17.Bxc5 dxc5 18.Nc4 b5 19.axb5 cxb5 20.Nd2 b4 21.Na4 Rd8 22.Re2 Rd4
23.c3 Rd8 24.b3 Red6 25.e5 Rxd2 26.Rxd2 Rxd2 27.exf6 gxf6 28.cxb4 cxb4 29.Rc1 Qe5
30.Rc8 Kg7 31.Qg4+ Qg5 32.Qf3 Bd6 33.g3 h5 34.Qa8 Qd5+ 35.Qxd5 Rxd5 36.Nb6 Rc5
37.Ra8 Rc2 38.Kg2 Bc5 39.Nc4 Bxf2 40.Kf3 Be1 41.Nd6 Rc3+ 42.Ke4 Rxb3 43.Rxa5 Bxg3
44.Nf5+ Kh7 45.Nd4 Rb1 46.Rxh5+ Kg6 47.Rb5 Be5 48.Nc2 b3 49.Na3 Re1+ 50.Kd3 b2
51.Kc2 Re3 52.Ra5 Rxh3 53.Ra8 Rc3+  0-1

[Event "Bucharest-B (Women)"]
[Site "Bucharest"]
[Date "1994.??.??"]
[Round "?"]
[White "Teodorescu, Margareta"]
[Black "Ionescu Brandis, Irina"]
[Result "1/2-1/2"]
[WhiteElo "2095"]
[BlackElo "2185"]

1.e4 d6 2.d4 Nf6 3.Nc3 e5 4.dxe5 dxe5 5.Qxd8+ Kxd8 6.Bg5 Be6 7.O-O-O+ Nd7
8.f3 Bd6 9.Bb5 Kc8 10.Nge2 a6 11.Ba4 Nc5 12.Bb3 Nxb3+ 13.axb3 Nd7 14.Nd5 f6
15.Be3 b5 16.c4 Rb8 17.Nec3 Bc5 18.Bxc5 Nxc5 19.Kc2 bxc4 20.bxc4 c6 21.Ne3 Kc7
22.Ra1 Rb4 23.Na2 Rb3 24.Nc3 Rhb8 25.Rhb1 R8b6 26.Ra3 g6 27.g4 Bf7 28.Rxb3 Nxb3
29.Kd3 Nd4 30.c5 Rb3 31.f4 Ne6 32.fxe5 Nxc5+ 33.Kc2 fxe5 34.Rf1 Be6 35.Rf6 Rb4
36.Rxe6 Nxe6 37.Ncd5+ cxd5 38.Nxd5+ Kd6 39.Nxb4 a5 40.Nd3 Nd4+ 41.Kc3 Nf3
42.h3  1/2-1/2

[Event "Bucharest-B (Women)"]
[Site "Bucharest"]
[Date "1994.??.??"]
[Round "?"]
[White "Ivanova, Svetlana"]
[Black "Ionescu Brandis, Irina"]
[Result "0-1"]
[WhiteElo "2080"]
[BlackElo "2185"]

1.e4 d6 2.d4 Nf6 3.Nc3 c6 4.h3 g6 5.Nf3 Bg7 6.Be2 O-O 7.O-O Nbd7 8.a4 Qa5
9.Be3 e5 10.Qd2 Re8 11.dxe5 dxe5 12.Bc4 Qb4 13.b3 Nb6 14.Bxb6 Qxb6 15.Rad1 h6
16.Qd6 Be6 17.Bxe6 Rxe6 18.Qd3 Ree8 19.Qe2 Bf8 20.Nd2 Nh5 21.Nc4 Qb4 22.Qf3 Nf4
23.Rd7 Qxc3 24.Qxc3 Ne2+ 25.Kh2 Nxc3 26.Rxb7 Nxe4 27.f3 Nd6 28.Nxd6 Bxd6  0-1

[Event "Bucharest-A"]
[Site "Bucharest"]
[Date "1994.??.??"]
[Round "?"]
[White "Istratescu, Andrei"]
[Black "Nevednichy, Vladislav"]
[Result "1/2-1/2"]
[WhiteElo "2505"]
[BlackElo "2480"]

1.e4 d6 2.d4 Nf6 3.Nc3 e5 4.dxe5 dxe5 5.Qxd8+ Kxd8 6.Bc4 Be6 7.Bxe6 fxe6
8.Be3 Bd6 9.f3 Ke7 10.O-O-O a6 11.Nge2  1/2-1/2

[Event "Ciocaltea mem"]
[Site "Bucharest"]
[Date "1994.??.??"]
[Round "10"]
[White "Zaitsev, Igor A"]
[Black "Maiwald, Jens Uwe"]
[Result "1/2-1/2"]
[WhiteElo "2430"]
[BlackElo "2490"]

1.e4 d6 2.d4 Nf6 3.Nc3 e5 4.Nf3 Nbd7 5.g3 Be7 6.Bg2 O-O 7.O-O Re8 8.a4 a5
9.h3 b6 10.Re1 Bb7 11.Be3 Nxe4 12.Nxe4 Bxe4 13.dxe5 dxe5 14.Bd4 exd4 15.Rxe4 c5
16.Nxd4 Nf6 17.Rxe7 Qxe7 18.Bxa8 cxd4 19.Bc6 Rc8 20.Bb5 Qb4 21.Qc1 h5 22.Ra3 Ne4
23.Rd3 Nd6 24.b3 h4 25.g4 Nxb5 26.axb5 Qxb5 27.Rxd4 Qe2 28.Qg5 Qxc2 29.Rd8+ Rxd8
30.Qxd8+ Kh7 31.Qxb6 Qd1+ 32.Kg2 Qd5+ 33.Kg1  1/2-1/2

[Event "Budapest Spring op"]
[Site "Budapest"]
[Date "1994.??.??"]
[Round "2"]
[White "Horvath, Csaba"]
[Black "Mihalko, Jozsef"]
[Result "1-0"]
[WhiteElo "2535"]
[BlackElo "2290"]

1.d4 d6 2.e4 Nf6 3.Nc3 c6 4.f3 b5 5.Be3 a5 6.e5 dxe5 7.dxe5 Qxd1+ 8.Rxd1 Nfd7
9.f4 g5 10.g3 gxf4 11.gxf4 Bh6 12.Bg2 Ra6 13.Nf3 f6 14.Bh3 Bb7 15.e6 Nb6
16.Rg1 Nc4 17.Bg4 O-O 18.Bc5 Bxf4 19.Bxe7 Bxh2 20.Nxh2  1-0

[Event "Budapest FS09 IM-A"]
[Site "Budapest"]
[Date "1994.??.??"]
[Round "4"]
[White "Held, Markus"]
[Black "Ismailova, Lala"]
[Result "0-1"]
[WhiteElo "2210"]
[BlackElo "2095"]

1.e4 d6 2.d4 Nf6 3.Nc3 e5 4.Nf3 Nbd7 5.Bc4 Be7 6.O-O O-O 7.Qe2 c6 8.a4 a5
9.h3 exd4 10.Nxd4 Ne5 11.Bb3 Re8 12.f4 Ng6 13.Bd2 Bf8 14.Qd3 d5 15.e5 Nd7
16.Qg3 Nc5 17.Ba2 Qb6 18.Be3 Qxb2 19.Bf2 Qb6 20.Nb3 Qa7 21.Bd4 b6 22.f5 Ne7
23.Qg5 Nxb3 24.Bxb3 Ba6 25.Rf4 Rad8 26.Nd1 c5 27.Bb2 Nc6 28.Nf2 h6 29.Qh4 c4
30.Ba2 Bc5 31.f6 Be3 32.Rf3 Bg5 33.Qg3 g6 34.h4 Bd2 35.Rd1 Bb4 36.h5 g5 37.Nh3 Kh7
38.Nxg5+ hxg5 39.Qxg5 Rg8 40.Qf5+ Kh8 41.c3 Bc8 42.Qc2 Bc5+ 43.Kf1 Nxe5 44.Bb1 Nd3
45.Rdxd3 cxd3 46.Rxd3 Ba6 47.c4 Bxc4 48.Ke1 Rge8+ 49.Kd1 Re4  0-1

[Event "Budapest FS02 IM-A"]
[Site "Budapest"]
[Date "1994.??.??"]
[Round "4"]
[White "Dutschak, Hauke"]
[Black "Mikac, Matjaz"]
[Result "0-1"]
[WhiteElo "2305"]
[BlackElo "2410"]

1.e4 d6 2.d4 Nf6 3.Nc3 Nbd7 4.Bg5 e5 5.Nf3 c6 6.Qd2 Be7 7.Be2 O-O 8.O-O Re8
9.Rae1 Qc7 10.Kh1 Nf8 11.Bh4 Ng6 12.Bg3 Nh5 13.Bc4 h6 14.Ng1 Qb6 15.Qd1 Nhf4
16.Nge2 Qxb2 17.Bb3 Bf6 18.Qd2 Nxe2 19.Nxe2 Qa3 20.f4 exd4 21.Nxd4 Qc5 22.Bf2 Qh5
23.c4 Bg4 24.Kg1 Nxf4 25.Nf5 Bxf5 26.exf5 Qg5 27.Be3 Rxe3 28.Rxe3 Bd4 29.Rf2 Nh3+  0-1

[Event "Budapest FS07 IM"]
[Site "Budapest"]
[Date "1994.??.??"]
[Round "4"]
[White "Kerek, Krisztian"]
[Black "De Santis, Alessio"]
[Result "1/2-1/2"]
[WhiteElo "2255"]
[BlackElo "2265"]

1.e4 d6 2.d4 Nf6 3.Nc3 c6 4.Nf3 Bg4 5.Be2 e6 6.h3 Bh5 7.O-O d5 8.exd5 cxd5
9.Ne5 Bxe2 10.Nxe2 Nc6 11.Bg5 Be7 12.c3 O-O 13.Ng3 Rc8 14.f4 g6 15.h4 Ne4
16.Nxe4 dxe4 17.Bh6 Bxh4 18.Bxf8 Qxf8 19.Qg4 Bd8 20.Qe2 f5 21.Nxc6 Rxc6 22.g3 Qd6
23.Kg2 Qd5 24.Rac1 Ba5 25.Rfd1 b5 26.a4 Rc4 27.b3 Rxc3 28.Rxc3 Bxc3 29.Qxb5 Qxb5
30.axb5 Kf7 31.Kf2 Ke7 32.Ke3 Ba5 33.d5 exd5 34.Rxd5 Bb6+ 35.Ke2 Ke6 36.Re5+ Kf6
37.Re8 h6 38.Rc8 g5 39.Rc6+ Kg7 40.fxg5 hxg5 41.Rd6 f4 42.gxf4 gxf4 43.Re6 f3+
44.Ke1 e3 45.Re4 Kg6 46.Rf4 Ba5+ 47.b4 f2+ 48.Ke2 Bb6 49.Rf8 Kg5 50.Rf7 Kg4
51.Rf3 Bd4 52.Rf7 Kg3 53.Rf8 Bb6 54.Rf7  1/2-1/2

[Event "Budapest FS06 GM"]
[Site "Budapest"]
[Date "1994.??.??"]
[Round "5"]
[White "Howell, James C"]
[Black "Nikolaidis, Ioannis"]
[Result "1/2-1/2"]
[WhiteElo "2495"]
[BlackElo "2410"]

1.e4 d6 2.d4 Nf6 3.Nc3 e5 4.Nge2 Be7 5.g3 Nbd7 6.Bg2 c6 7.a4 O-O 8.O-O Re8
9.h3 exd4 10.Nxd4 Bf8 11.Re1 a5 12.b3 Nc5 13.Bb2 Qb6 14.Qd2 Bd7 15.Re2 Rad8
16.Rae1 Bc8 17.Kh2 Re5 18.f4 Ree8 19.Qd1 Na6 20.Nf3 Nc5  1/2-1/2

[Event "Budapest FS07 IM"]
[Site "Budapest"]
[Date "1994.??.??"]
[Round "6"]
[White "Zigura, Oleg"]
[Black "De Santis, Alessio"]
[Result "0-1"]
[WhiteElo "2315"]
[BlackElo "2265"]

1.e4 d6 2.d4 Nf6 3.Nc3 c6 4.Nf3 Bg4 5.h3 Bh5 6.Be2 e6 7.O-O d5 8.exd5 cxd5
9.Ne5 Bxe2 10.Nxe2 Nbd7 11.f4 Bd6 12.Ng3 h5 13.c3 h4 14.Ne2 Rc8 15.Be3 Qb6
16.Qd3 Ne4 17.Nxd7 Kxd7 18.f5 Rhf8 19.a4 a6 20.b3 Qxb3 21.Rfb1 Qc4 22.Rxb7+ Rc7
23.Qxc4 dxc4 24.fxe6+ fxe6 25.Rab1 Rf5 26.R7b2 g5 27.Ra1 Kc6 28.Rab1 Ra5
29.d5+ Rxd5 30.Rb6+ Kd7 31.Rxa6 Rd3 32.Ba7 Nxc3 33.Nxc3 Rxc3 34.Bb8 Rb3 35.Rd1 Rxb8
36.Rdxd6+ Kc8 37.Rac6 c3 38.Rxc7+ Kxc7 39.Rd3 Rb3 40.Rd4 Kc6 41.Rc4+ Kd5
42.Rc8 Kd4 43.Kf2 Rb2+ 44.Kf3 Kd3 45.a5 Ra2 46.Rd8+ Kc2 47.Ra8 Kd1 48.Rd8+ Rd2  0-1

[Event "Budapest FS09 IM-A"]
[Site "Budapest"]
[Date "1994.??.??"]
[Round "7"]
[White "Rajcsanyi, Zita"]
[Black "Ismailova, Lala"]
[Result "1-0"]
[WhiteElo "2225"]
[BlackElo "2095"]

1.e4 d6 2.d4 Nf6 3.Nc3 e5 4.Nf3 Nbd7 5.Bc4 Be7 6.O-O O-O 7.Re1 c6 8.a4 a5
9.Ba2 Qc7 10.h3 h6 11.Be3 Re8 12.Qd2 Bf8 13.Nh4 exd4 14.Bxd4 Ne5 15.f4 Ng6
16.Nxg6  1-0

[Event "Budapest FS12 IM"]
[Site "Budapest"]
[Date "1994.??.??"]
[Round "7"]
[White "Slavina, Irina"]
[Black "Kappler, Jean Marie"]
[Result "0-1"]
[WhiteElo "2120"]
[BlackElo "2295"]

1.e4 d6 2.d4 Nf6 3.Nc3 c6 4.f3 Nbd7 5.Be3 e5 6.Nh3 Be7 7.Nf2 Qc7 8.a4 a5
9.Bc4 h6 10.O-O Nf8 11.Re1 Ne6 12.d5 Nf8 13.Qb1 Ng6 14.Qa2 c5 15.Bb5+ Kf8
16.g3 Qd8 17.Bf1 Nh7 18.Qc4 Bg5 19.Nb5 b6 20.Bg2 Nf6 21.c3 Bxe3 22.Rxe3 Ne8
23.Ree1 h5 24.h4 Ne7 25.Bh3 Ba6 26.Qb3 g5 27.hxg5 Ng6 28.Kh2 h4 29.g4 Qxg5
30.c4 Qf4+ 31.Kh1 Qg3 32.Qe3 Qf4 33.Qxf4 Nxf4 34.b3 Bxb5 35.cxb5 Nf6 36.Bf1 Ke7
37.Rac1 Nd7 38.Nd1 Nf8 39.Ne3 N8g6 40.Kh2 Kd7 41.Rc3 Ne7 42.Bh3 Kc7 43.Rc2 Rag8
44.Rd2 Rg5 45.Rf1 Rgg8 46.Rff2 Neg6 47.Nf5 Kd7 48.Ne3 Nf8 49.Rf1 Nh7 50.Rff2 Ng5
51.Bf1 Rg6 52.Rc2 h3 53.Rc3 Ng2 54.Nc4 Kc7 55.Nd2 Rf6 56.Be2 Rh4 57.Rf1 Nf4
58.Bd1 Rh8 59.Re3 Ng6 60.Rc3 Ne7 61.Be2 Rg6 62.Rf2 Rg7 63.Bf1 f5 64.gxf5 Ng8
65.Rc1 Nf6 66.Nc4 Ngxe4 67.fxe4 Ng4+ 68.Kg3 h2 69.Bg2 Rhg8 70.Re2 Ne3+ 71.Kxh2 Nxg2
72.Rb2 Ne1 73.Rc3 Rh7+ 74.Rh3 Nf3+  0-1

[Event "Budapest FS02 IM-A"]
[Site "Budapest"]
[Date "1994.??.??"]
[Round "8"]
[White "Vajda, Levente"]
[Black "Mikac, Matjaz"]
[Result "0-1"]
[WhiteElo "2200"]
[BlackElo "2410"]

1.e4 d6 2.d4 Nf6 3.Nc3 Nbd7 4.g3 c6 5.a4 e5 6.Nge2 Be7 7.Bg2 O-O 8.O-O Re8
9.h3 Bf8 10.Be3 b6 11.g4 h6 12.Ng3 Bb7 13.b3 a6 14.dxe5 dxe5 15.Nf5 Qc7 16.Qe2 Nc5
17.h4 Ne6 18.Rad1 a5 19.Na2 Nf4 20.Bxf4 exf4 21.g5 hxg5 22.hxg5 Ba6 23.c4 Nh7
24.Qg4 Re6 25.Rd3 Rg6 26.Rh3 Nxg5 27.Rh1 Qd8 28.Qh5 Rh6 29.Nxh6+ gxh6 30.Qe2 Qf6
31.Qg4 Bc8 32.Qh4 f3 33.Bh3 Qg6 34.Qg3 Nxh3+ 35.Rxh3 Bxh3 36.Qxg6+ fxg6 37.Rd1  0-1

[Event "Budapest Honved"]
[Site "Budapest"]
[Date "1994.??.??"]
[Round "10"]
[White "Maiwald, Jens Uwe"]
[Black "Ruck, Robert"]
[Result "1/2-1/2"]
[WhiteElo "2445"]
[BlackElo "2435"]

1.e4 d6 2.d4 Nf6 3.Nc3 Nbd7 4.Nf3 e5 5.Bc4 Be7 6.O-O O-O 7.a4 c6 8.Ba2 h6
9.Qe2 b6 10.Rd1 Qc7 11.h3 a6 12.dxe5 dxe5 13.Nh4 Nc5 14.Ng6 Re8 15.Nxe7+ Qxe7
16.Be3 Bb7 17.Qc4 Ncd7 18.f3 b5 19.Qf1 Nf8 20.Ne2 Rad8 21.Ng3 Bc8 22.Qe1 Rxd1
23.Rxd1 Rd8 24.Rxd8 Qxd8 25.Qc3 Qd6 26.Kh2 Ng6 27.Qa5 Ne7 28.c4 Qd3 29.cxb5 cxb5
30.axb5 Qxe3 31.Qd8+ Kh7 32.Qxe7 Qf4 33.Qc5 Nh5 34.Qxc8 Qxg3+ 35.Kh1 Qe1+  1/2-1/2

[Event "Budapest FS02 IM-A"]
[Site "Budapest"]
[Date "1994.??.??"]
[Round "10"]
[White "Geisler, Fabian"]
[Black "Mikac, Matjaz"]
[Result "1/2-1/2"]
[WhiteElo "2265"]
[BlackElo "2410"]

1.e4 d6 2.d4 Nf6 3.Nc3 Nbd7 4.Be3 e5 5.f3 c6 6.Qd2 Be7 7.g4 O-O 8.Nge2 b5
9.Ng3 Nb6 10.b3 exd4 11.Bxd4  1/2-1/2

[Event "Budapest FS06 IM-B"]
[Site "Budapest"]
[Date "1994.??.??"]
[Round "10"]
[White "Cicak, Slavko"]
[Black "Nielsen, Soren Holst"]
[Result "1-0"]
[WhiteElo "2310"]
[BlackElo "2225"]

1.d4 d6 2.e4 Nf6 3.Nc3 Nbd7 4.Nf3 e5 5.Bc4 Be7 6.O-O O-O 7.a4 a5 8.Ba2 c6
9.h3 Qc7 10.Be3 exd4 11.Nxd4 Nc5 12.Qf3 Na6 13.Rad1 Nb4 14.Bb3 Rd8 15.Bf4 Qb6
16.Qe3 Qc5 17.Rd2 Nh5 18.Bh2 g6 19.f4 Be6 20.Bxe6 fxe6 21.Qf2 Ng7 22.f5 e5
23.Nb3 Qxf2+ 24.Rdxf2 Bh4 25.g3 Bg5 26.Kg2 gxf5 27.exf5 d5 28.g4 e4 29.Bc7 Rd7
30.Bxa5 e3 31.Re2 Nxc2 32.Rxc2 d4 33.Nxd4 Rxd4 34.Bb6 Rb4 35.Bc7 Ne8 36.Bg3 Rd8
37.Re1 Rdd4 38.Nd1 h5 39.Nxe3 Re4 40.Nc4 Rbxc4 41.Rxc4 Rxc4 42.Rxe8+ Kf7
43.Rb8 Rb4 44.h4 Rxb2+ 45.Kf1 Be3 46.g5 Bd4 47.Rd8 c5 48.Rd7+ Ke8 49.Rh7 Rb3
50.Be1 Rf3+ 51.Ke2 Rxf5 52.Rxb7 Re5+ 53.Kd1 Re6 54.a5 Kd8 55.Rb6 Re7 56.a6 Rd7
57.Rb8+ Ke7 58.Rb7 c4 59.Kc2  1-0

[Event "Budapest FS08 IM"]
[Site "Budapest"]
[Date "1994.??.??"]
[Round "11"]
[White "Sandor, Christian"]
[Black "Stadtmueller, Harald"]
[Result "1-0"]
[WhiteElo "2365"]
[BlackElo "2230"]

1.e4 d6 2.d4 Nf6 3.Nc3 c6 4.f4 Qa5 5.Bd3 e5 6.Nf3 Bg4 7.Be3 Nbd7 8.Qd2 Be7
9.O-O-O O-O 10.Kb1 Rfe8 11.h3 exf4 12.Bxf4 Bh5 13.g4 Bg6 14.Rhg1 Bf8 15.Nh4 b5
16.Nxg6 hxg6 17.Rde1 Qb6 18.g5 Nh5 19.Be3 b4 20.Nd1 a5 21.Qf2 d5 22.Ref1 Re7
23.e5 c5 24.dxc5 Qe6 25.Bd4 Nxe5 26.Be2 Nc6 27.Bf3 Nxd4 28.Qxd4 Rd8 29.Qh4 d4
30.Nf2 a4 31.Bd1 Qc4 32.Ne4 a3 33.Bxh5 Rxe4 34.Qxe4 gxh5 35.g6 fxg6 36.Qxg6  1-0